00322nam a2200133Ia 4500008004100000020001500041041001200056082001100068100001500079245003300094260003900127300000800166650001400174221030s9999 xx 000 0 und d a8177584097 aEnglish a105.23 aM. M. Mano 0aComputer System Architecture bPearson EdcuationaNew Delhic2008 a612 aComputers